<?xml version="1.0" encoding="UTF-8"?>
<record
    xmlns:xsi="http://www.w3.org/2001/XMLSchema-instance"
    xsi:schemaLocation="http://www.loc.gov/MARC21/slim http://www.loc.gov/standards/marcxml/schema/MARC21slim.xsd"
    xmlns="http://www.loc.gov/MARC21/slim">

  <leader>01423nam a2200205 a 4500</leader>
  <controlfield tag="001">000012928</controlfield>
  <controlfield tag="005">20200929163113.0</controlfield>
  <controlfield tag="008">150130s1999    dr ac         000 0 spa d</controlfield>
  <datafield tag="020" ind1=" " ind2=" ">
    <subfield code="a">8484002829 (v. 2)</subfield>
  </datafield>
  <datafield tag="040" ind1=" " ind2=" ">
    <subfield code="a">DO-SdBNP</subfield>
    <subfield code="b">spa</subfield>
    <subfield code="c">BNPHU</subfield>
  </datafield>
  <datafield tag="082" ind1=" " ind2=" ">
    <subfield code="a">xxxx</subfield>
    <subfield code="b">xxxx</subfield>
  </datafield>
  <datafield tag="245" ind1="0" ind2="0">
    <subfield code="a">Lengua espa&#xF1;ola :</subfield>
    <subfield code="b">educaci&#xF3;n b&#xE1;sica /</subfield>
    <subfield code="c">direcci&#xF3;n editorial Lourdes Camilo de Cuello.</subfield>
  </datafield>
  <datafield tag="250" ind1=" " ind2=" ">
    <subfield code="a">4a. ed.</subfield>
  </datafield>
  <datafield tag="260" ind1=" " ind2=" ">
    <subfield code="a">Santo Domingo :</subfield>
    <subfield code="b">Secretar&#xED;a de Estado de Educaci&#xF3;n y Cultura,</subfield>
    <subfield code="c">1999</subfield>
    <subfield code="f">Taller</subfield>
  </datafield>
  <datafield tag="300" ind1=" " ind2=" ">
    <subfield code="a">8 v. :</subfield>
    <subfield code="b">il., retrs. ;</subfield>
    <subfield code="c">28 cm.</subfield>
  </datafield>
  <datafield tag="500" ind1=" " ind2=" ">
    <subfield code="a">educaci&#xF3;n b&#xE1;sica</subfield>
  </datafield>
  <datafield tag="500" ind1=" " ind2=" ">
    <subfield code="a">La biblioteca solamente posee el volumen 2.</subfield>
  </datafield>
  <datafield tag="505" ind1="1" ind2=" ">
    <subfield code="a">v. 2 :</subfield>
    <subfield code="g">unidad 1 --</subfield>
    <subfield code="t">Volvemos a la escuela --</subfield>
    <subfield code="g">unidad 2 --</subfield>
    <subfield code="t">&#xA1;Ya no estoy solo! --</subfield>
    <subfield code="g">unidad 3 --</subfield>
    <subfield code="t">Las aventuras de Alicia --</subfield>
    <subfield code="g">unidad 4 --</subfield>
    <subfield code="t">La fiesta de los sentidos --</subfield>
    <subfield code="g">unidad 5 --</subfield>
    <subfield code="t">Jugamos y hacemos deporte --</subfield>
    <subfield code="g">unidad 6 --</subfield>
    <subfield code="t">Ha llegado la navidad --</subfield>
    <subfield code="g">unidad 7 --</subfield>
    <subfield code="t">Una amistad poco com&#xFA;n --</subfield>
    <subfield code="g">unidad 8 --</subfield>
    <subfield code="t">Juan sin miedo --</subfield>
    <subfield code="g">unidad 9 --</subfield>
    <subfield code="t">Una buena lecci&#xF3;n --</subfield>
    <subfield code="g">unidad 10 --</subfield>
    <subfield code="t">&#xA1;C&#xF3;mo pasa el tiempo! --</subfield>
    <subfield code="g">unidad 11 --</subfield>
    <subfield code="t">Una buena noticia --</subfield>
    <subfield code="g">unidad 12 --</subfield>
    <subfield code="t">Agencia de viajes --</subfield>
    <subfield code="g">unidad 13 --</subfield>
    <subfield code="t">Otras formas de comunicaci&#xF3;n --</subfield>
    <subfield code="g">unidad 14 --</subfield>
    <subfield code="t">Una nueva casa --</subfield>
    <subfield code="g">unidad 15 --</subfield>
    <subfield code="t">La chichigua pasea por el cielo --</subfield>
    <subfield code="g">unidad 16 --</subfield>
    <subfield code="t">Una visita al zool&#xF3;gico --</subfield>
    <subfield code="g">unidad 17 --</subfield>
    <subfield code="t">Cuidamos la naturaleza --</subfield>
    <subfield code="g">unidad 18 --</subfield>
    <subfield code="t">Llegan las vacaciones --</subfield>
  </datafield>
  <datafield tag="700" ind1="1" ind2="2">
    <subfield code="a">Camilo de Cuello, Lourdes</subfield>
    <subfield code="e">dir. ed.</subfield>
    <subfield code="9">13081</subfield>
  </datafield>
  <datafield tag="952" ind1=" " ind2=" ">
    <subfield code="0">0</subfield>
    <subfield code="1">0</subfield>
    <subfield code="7">1</subfield>
    <subfield code="8">PD</subfield>
    <subfield code="a">PD</subfield>
    <subfield code="b">PD</subfield>
    <subfield code="c">HD</subfield>
    <subfield code="d">2009-11-18</subfield>
    <subfield code="i">LF1</subfield>
    <subfield code="l">0</subfield>
    <subfield code="o">xxxx xxxx</subfield>
    <subfield code="p">12928-10</subfield>
    <subfield code="r">2020-06-25</subfield>
    <subfield code="w">2020-06-25</subfield>
    <subfield code="y">LFPD</subfield>
    <subfield code="Z">No se presta</subfield>
  </datafield>
  <datafield tag="999" ind1=" " ind2=" ">
    <subfield code="c">12576</subfield>
    <subfield code="d">12576</subfield>
  </datafield>
</record>
